English grammar : (Record no. 457)

MARC details
000 -LEADER
fixed length control field 00685cam a2200217 a 4500
001 - CONTROL NUMBER
control field 16741462
005 - DATE AND TIME OF LATEST TRANSACTION
control field 20250224105831.0
008 - FIXED-LENGTH DATA ELEMENTS--GENERAL INFORMATION
fixed length control field 110419s2012 enka b 001 0 eng
010 ## - LIBRARY OF CONGRESS CONTROL NUMBER
LC control number 2011016984
020 ## - INTERNATIONAL STANDARD BOOK NUMBER
International Standard Book Number 9780415561099 (pbk.)
040 ## - CATALOGING SOURCE
Original cataloging agency DLC
Transcribing agency DLC
Modifying agency KCST
042 ## - AUTHENTICATION CODE
Authentication code pcc
050 00 - LIBRARY OF CONGRESS CALL NUMBER
Classification number PE1112
Item number .B456 2012
082 00 - DEWEY DECIMAL CLASSIFICATION NUMBER
Classification number 428.2
Edition information 22
100 1# - MAIN ENTRY--PERSONAL NAME
Personal name Berry, Roger,
Dates associated with a name 1951-
9 (RLIN) 4573
245 10 - TITLE STATEMENT
Title English grammar :
Remainder of title a resource book for students /
Statement of responsibility, etc. Roger Berry.
260 ## - PUBLICATION, DISTRIBUTION, ETC.
Place of publication, distribution, etc. London ;
-- New York :
Name of publisher, distributor, etc. Routledge,
Date of publication, distribution, etc. 2012.
300 ## - PHYSICAL DESCRIPTION
Extent xviii, 270 p. :
Other physical details ill. ;
Dimensions 26 cm.
504 ## - BIBLIOGRAPHY, ETC. NOTE
Bibliography, etc. note Includes bibliographical references (p. [255]-266) and index.
650 #0 - SUBJECT ADDED ENTRY--TOPICAL TERM
Topical term or geographic name entry element English language
General subdivision Grammar.
9 (RLIN) 111
Holdings
Withdrawn status Lost status Source of classification or shelving scheme Damaged status Not for loan Home library Current library Date acquired Cost, normal purchase price Total checkouts Full call number Barcode Date last seen Price effective from Koha item type
    Dewey Decimal Classification     KCST Library KCST Library 01/07/2020 7.93   428.2 Be En 1000000603 01/07/2020 01/07/2020 Book
© 2025 KCST. All rights reserved